| 000 | 00773nam a2200229 u 4500 | ||
|---|---|---|---|
| 005 | 20220920063632.0 | ||
| 008 | 160126s2006 r 000 0 eng d | ||
| 020 | _a9871296169 (10 dígitos) | ||
| 020 | _a9789871296163 (13 dígitos) | ||
| 035 | _aUPN01000207684 | ||
| 049 | _aI | ||
| 050 | 4 |
_aPZ36.3 _bW4.3 |
|
| 100 | 1 |
_aWeigelt, Udo, _d1960- _938787 |
|
| 245 | 1 | 4 |
_aLos fantásticos viajes del pequeño león / _cUdo Weigelt ; il. Julia Gukova ; tr. Ana Drucker. |
| 260 |
_aBuenos Aires : _bUnaluna, _c2006. |
||
| 300 |
_a[26] p. : _bil. col. |
||
| 534 |
_pTítulo original: _tDie phantastischen Reisen des kleinen löwen |
||
| 650 | 0 |
_aAnimales _vCuentos y leyendas _9234 |
|
| 650 | 0 |
_aLiteratura infantil alemana _99171 |
|
| 905 | _aInfantil | ||
| 999 |
_c179785 _d179785 |
||